TEXT BOOK OF INORGANIC PHARMACEUTICAL AND MEDICINAL CHEMISTRY (Record no. 6182)

MARC details
000 -LEADER
fixed length control field 00473nam a22001697a 4500
005 - DATE AND TIME OF LATEST TRANSACTION
control field 20230119113351.0
008 - FIXED-LENGTH DATA ELEMENTS--GENERAL INFORMATION
fixed length control field 200320b xxu||||| |||| 00| 0 eng d
020 ## - INTERNATIONAL STANDARD BOOK NUMBER
ISBN 9788123919195
041 ## - LANGUAGE CODE
Language code of text/sound track or separate title eng
100 ## - MAIN ENTRY--AUTHOR NAME
Personal name QADRY, J.S
245 ## - TITLE STATEMENT
Title TEXT BOOK OF INORGANIC PHARMACEUTICAL AND MEDICINAL CHEMISTRY
Statement of responsibility, etc J.S QADRY
250 ## - EDITION STATEMENT
Edition statement 1'ST
260 ## - PUBLICATION, DISTRIBUTION, ETC. (IMPRINT)
Place of publication NEW DELHI
Name of publisher CBS PUBLISHERS AND DISTRIBUTORS
Year of publication 2019
300 ## - PHYSICAL DESCRIPTION
Number of Pages 286P. ;XIV
650 ## - SUBJECT ADDED ENTRY--TOPICAL TERM
Topical Term PHARMCY
General subdivision B.PHARMA
942 ## - ADDED ENTRY ELEMENTS (KOHA)
Koha item type Books
Holdings
Lost status Damaged status Home library Current library Date acquired Source of acquisition Cost, normal purchase price Full call number Koha item type
    JRU Library   20/03/2020 PURCHASE 375.00 615.17 QAD Books